000 00340nam a2200145Ia 4500
008 150201s2009 xx 000 0 und d
082 _a617
_bF09S
100 _aSAHA, S.K.
245 _aFOUNDATION IN OPERATIVE SURGERY
250 _a1ST
260 _bJAYPEE BROTHERS
_aDELHI
_c2009
300 _a1-530
650 _aSURGERY
942 _2ddc
_cBK
999 _c161
_d161